|
|
|
|
| LEADER |
00000nab a2200000 a 4500 |
| 001 |
vtls000839842 |
| 003 |
SK-MaSNL |
| 005 |
20260304124147.0 |
| 008 |
250429c2002 xo 0 slo |
| 015 |
|
|
|a SNBRA2003/07-19766
|
| 035 |
|
|
|a CLN000191497
|
| 035 |
|
|
|a urn:nbn:sk:snk-abqct
|
| 035 |
|
|
|a (urnnbn)urn:nbn:sk:snk:ar-a03ovo
|
| 035 |
|
|
|a (uuid)44ef64c9-860d-412c-a2da-4f3e0d7a1014
|
| 040 |
|
|
|a SNKBUCL
|b slo
|c SNKBUCL
|e AACR2
|
| 041 |
0 |
|
|a slo
|
| 044 |
|
|
|a xo
|c SK
|
| 080 |
|
|
|a 801.82:811.162.4-087(091)
|2 1997
|
| 080 |
|
|
|a 811.162.4-087(091)
|2 1997
|
| 080 |
|
|
|a 904(437.6):09
|2 1997
|
| 100 |
1 |
|
|a Skladaná, Jana,
|d 1942-
|4 aut
|9 103459
|
| 245 |
1 |
0 |
|a Slovenské jazykové pamiatky z Trenčína v pramennej základni Historického slovníka slovenského jazyka
|c Jana Skladaná
|
| 504 |
|
|
|a Res. angl., nem., rus.
|
| 504 |
|
|
|a Bibliogr. odkazy
|
| 630 |
0 |
7 |
|a Historický slovník slovenského jazyka
|2 snkbucl
|9 1219369
|
| 648 |
|
7 |
|a 17.-18. stor.
|2 snkbucl
|9 289778
|
| 650 |
0 |
7 |
|a rukopisné pamiatky
|2 snkbucl
|9 771262
|
| 650 |
0 |
7 |
|a slovenčina
|2 snkbucl
|9 1350
|
| 650 |
0 |
7 |
|a jazyková analýza
|2 snkbucl
|9 4011
|
| 651 |
|
7 |
|a Trenčín (Slovensko)
|2 snkbucl
|9 159956
|
| 655 |
|
7 |
|a články zo zborníkov
|2 snkbucl
|9 166140
|
| 773 |
0 |
|
|t Kniha 2001-2002
|d Martin : Slovenská národná knižnica, 2002
|g S. 473-483
|z 8089023193
|
| 850 |
|
|
|a Slovenská národná knižnica
|
| 852 |
|
|
|a Slovenská národná knižnica
|
| 954 |
|
|
|a odborná, vedecká literatúra pôvodná (slovenská)
|2 lita
|
| 958 |
|
|
|a article27
|
| 958 |
|
|
|a NB
|
| 958 |
|
|
|a OND
|
| 958 |
|
|
|a EUIPO
|
| 999 |
|
|
|c 2890723
|d 2892653
|